Retrouvez ces joueurs de football #2 - Statistiques

Statistiques générales
  • Ce quiz a été pris 1 239 fois
  • Le résultat moyen est 11 sur 15
Statistiques - réponses
Par images Réponse % Correct
Gabriel Jesus
88%
Memphis Depay
88%
Antoine Griezmann
87%
Thomas Meunier
87%
James Rodríguez
84%
Oscar
81%
Mats Hummels
80%
Timo Werner
79%
Alphonse Areola
75%
Harry Maguire
73%
Arnaud Kalimuendo
68%
José Fonte
66%
Aleksandar Mitrovic
58%
Thomas Partey
40%
Timothy Castagne
39%
Aucun quiz correspondant
Distribution des résultats
% des personnes avec chaque résultat
Percentile par nombre de réponses
Votre historique - résultats
Vous n’avez pas pris ce quiz